000 00724nam a2200193Ia 4500
003 GCL
008 140319s9999 xx 000 0 ara d
040 _aGCL /
_cGCL
082 0 4 _a370
_bم ا
100 1 _aالمنظمة العربية للتربية والثقافة
245 1 0 _aاستراتيجية تطوير التربية العربية /
_cالمنظمة العربية للتربية والثقافة
300 _a593 ص
490 _aالمنظمة العربية للتربية والثقافة والعلوم
_v0
650 0 4 _aالتعليم
650 0 4 _aالتربية
650 0 4 _aالتخطيط التربوى
650 0 4 _aالوطن العربى - التخطيط التربوى
942 _2ddc
_cBK
999 _c50901
_d50901